Представление документа в формате RUSMARC

ПолеНазваниеЗначение
  Тип записи a
  Библиографический уровень m
001 Контрольный номер RU/SLIB/B/208728752
005 Дата корректировки 20201206204017.8
010 Индекс ISBN __
d Цена 0-75
101 Язык документа __
a Язык текста rus
c Язык оригинала rus
200 Заглавие и сведения об ответственности 0_
a Заглавие Красная площадь
f Первые сведения об ответственности Рябчиков Е. И., Абрамов А. С., Романовский И. С.
b Общее обозначение материала Текст
210 Выходные данные __
a Место издания М.
c Издательство Моск. рабочий
d Дата издания 1980
215 Физическое описание __
a Объем 240 с.
600 Персоналии __
a Персоналии (Фамилия) Дмитрий Донской
600 Персоналии __
a Персоналии (Фамилия) Иван Калита
605 Заглавие как предмет __
a Заглавие Красная площадь
605 Заглавие как предмет __
a Заглавие Мавзолей В. И. Ленина
606 Тематические рубрики __
a Основная рубрика История
z Хронологическая подрубрика 1156 г.; 12 в.
y Географическая подрубрика Москва; Россия
606 Тематические рубрики __
a Основная рубрика История России в целом
610 Ключевые слова __
a Ключевые слова площади; мавзолеи; история городов; города; столицы; столицы мира; городская культура; города-герои; улицы; историческая литература
686 Индексы других классификаций __
a Классификационный индекс 63.3(2-2Москва)л6; ст63.3(2-2Москва)л6
700 Автор __
a Фамилия Рябчиков
b Имя Е. И.
4 Код отношения 070
702 Вторичная интеллектуальная ответственность __
a Фамилия Абрамов
b Имя А. С.
4 Код отношения Автор
702 Вторичная интеллектуальная ответственность __
a Фамилия Романовский
b Имя И. С.
4 Код отношения Автор
801 Источник записи _0
a Страна RU
b Организация Муниципальное бюджетное учреждение культуры "Централизованная библиотечная система" г. Сургут (Центральная городская библиотека им. А. С. Пушкина)
g Правила каталогизации КиК/Елгина
801 Источник записи _1
a Страна RU
b Организация Муниципальное бюджетное учреждение культуры "Централизованная библиотечная система" г. Сургут (Центральная городская библиотека им. А. С. Пушкина)
g Правила каталогизации КиК/Елгина
852 Данные о местонахождении __
j Шифр хранения 63.3(2-2Москва)л6
c Каталожный индекс 63.3(2-2Москва)л6
i Авторский знак Р 98
p Инвентарный номер 6067
901 Тип документа __
t Тип документа m
969 Тип издания __
a Тип издания альбом
990 Данные о заказе (DOS) __
j Количество экземпляров (DOS) 4